Top 50 Military Ranking 2026 - Statistics

General Stats
  • This quiz has been taken 63 times
  • The average score is 43 of 50
Answer Stats
Rank Country % Correct
2 China
100%
4 India
100%
3 Russia
100%
10 Turkey
100%
6 France
98%
9 Germany
98%
5 United Kingdom
98%
11 Italy
96%
12 Pakistan
96%
18 Spain
96%
1 United States
96%
38 Argentina
94%
16 Brazil
94%
15 Canada
94%
7 Japan
94%
23 Poland
94%
8 South Korea
94%
29 Sweden
94%
14 Australia
92%
20 Egypt
92%
17 Iran
92%
30 Norway
92%
36 Colombia
90%
48 Finland
90%
28 Greece
90%
22 Ukraine
90%
33 United Arab Emirates
90%
27 Vietnam
90%
19 Indonesia
88%
41 Iraq
88%
21 Saudi Arabia
88%
24 Thailand
88%
13 Israel
86%
26 North Korea
86%
49 Portugal
86%
46 Algeria
84%
47 Morocco
82%
31 Switzerland
82%
37 Bangladesh
78%
39 Chile
78%
40 Kazakhstan
78%
32 Netherlands
78%
44 Ethiopia
76%
35 Malaysia
75%
45 Myanmar
75%
34 Romania
75%
25 Singapore
69%
42 Jordan
67%
50 Czech Republic
65%
43 Phillipines
25%
No matching quizzes found
Score Distribution
Percent of People with Each Score
Percentile by Number Answered
Your Score History
You have not taken this quiz